000 00949nam a22002177a 4500
003 OSt
005 20170608093027.0
008 150408b2012 slv spa
040 _cBMC
082 _a331.12
100 1 _934204
_aMartínez Ardón, Edwin Alexdander
245 1 0 _aPasantía en Ministerio de trabajo y previsión social
_b: Informe final
_cEdwin Alexander Martínez Ardón
260 _aSanta Ana (El Salvador)
_bUniversidad Católica de El Salvador
_c2012
300 _a1 folleto (46 h.)
_bil. col.
_c27 cm
_e+ 1 disco compacto
500 _aPrecede al tít.: Universidad Católica de El Salvador, Facultad de Ingeniería y Arquitectura
500 _aPeríodo de realización del 30 de enero al 30 de julio de 2012
502 _aPara optar al título de Ingeniero Industrial
650 2 4 _95793
_aMercado de trabajo
710 2 _91166
_aUniversidad Católica de El Salvador
_bFacultad de Ingeniería y Arquitectura
942 _2ddc
_cTG
999 _c20773
_d20773